Statistiche per Paesi del Mediterraneo - Quiz con mappa

Clicka qui per fare il quiz!

Statistiche generali

  • Questo quiz è stato fatto 2.320 volte
  • Il punteggio medio è 19 su 22

Risposte nella Mappa

Le risposte nella mappa del quiz sottostante sono codificate secondo una scala di colori dal rosso al verde in base alla % di persone che hanno risposto correttamente.
Caricamento ...
path d="m 296.95507,291.5777 0.554,1.388 0.138,4.333 -1.002,1.607 -0.01,2.476 -1.195,3.355 -2.89,-1.896 0.878,-1.34 -1.52,-0.35 0.32,-3.16 -1.298,-1.99 1.164,-3.248 2.57,-1.61 1.237,0.513 0.873,-3.442 z m -24.493,-68.86 1.14,0.97 2.573,-0.142 1,0.2 1.546,2.81 9.872,1.98 -2.612,3.45 -1.59,5.225 0.09,5.127 -1.39,1.547 -2.468,-0.69 0.23,1.595 -2.982,3.555 -1.135,2.267 -1.99,1.66 0.03,2.373 -1.19,2.3 2.16,-1.102 1.35,-2.095 1.872,0.195 1.737,5.062 -1.48,0.993 2.058,5.698 -3.385,1.564 3.03,4.205 -1.4,1.38 0.133,1.762 3.446,2.503 2.082,0.384 -1.27,2.938 -0.433,0.49 -0.48,0.208 -1.52,1.694 -2.73,1.47 -0.342,2.07 -5.51,1.575 -1.49,-1.43 -1.923,-0.29 -0.353,-1.4 -3.173,0.09 -2.057,-1.1 -3.84,-0.77 -5.525,4.282 -0.416,5.54 0.864,1.238 -1.655,-0.39 -3.14,1.303 -1.254,-0.884 -1.51,0.765 -2.308,-1.51 -1.86,-0.93 -0.736,-1.186 -4.437,-1.257 -0.086,1.546 -4.57,-0.007 -1.9,-1.58 -1.74,0.468 -1.185,-1.512 -4.875,-1.36 0.564,-1.622 -2.615,-1.433 2.123,-1.95 2.086,-12.04 -0.637,1.52 0.807,-8.665 0.366,-0.794 2.136,2.44 0.088,-0.983 -2.954,-2.874 0.9,-3.07 -0.34,-2.445 -4.647,-2.453 -2.102,-3.178 0.846,-2.335 -3.775,-3.324 0.367,-1.44 -2.11,0.276 0.278,-1.305 -1.998,0.53 -5.766,-3.128 -2.922,0.81 -0.42,-1.692 -1.668,-0.92 2.636,-0.412 -3.245,-3.847 1.414,-1.39 5.044,-1.04 1.604,0.455 0.37,-1.547 2.837,-0.295 2.738,3.64 2.476,-1.788 0.66,1.056 5.634,-0.79 -1.214,-0.87 -0.423,-4.933 -1.356,-1.592 -0.774,-3.288 3.64,0.114 1.38,2.838 6.466,1.51 4.222,-1.728 -2.054,-0.418 0.88,-2.367 6.27,-2.328 2.563,-2.578 0.17,-6.542 2.63,-1.39 3.67,-0.807 0.456,2.468 1.318,1.19 2.407,-0.456 0.836,2.43 2.5,0.818 0.115,1.268 3.63,0.676 -0.43,2.787 1.978,0.426 2.924,-2.085 -0.56,1.664 1.083,1.787 3.533,3.026 z" id="fr" class="country border" />path d="m 271.69307,112.8747 -2.356,-0.743 2.435,-1.303 z m 22.02,-31.976996 1.412,0.89 -4.502,1.34 0.28,-1.69 z m 22.976,-18.596 0.633,1.206 -2.752,1.732 z m 10.512,-27.745 -2.168,1.996 -0.962,-1.72 z m 7.947,-1.698 -6.4,2.87 1.238,-2.207 z m 5.043,-5.21 4.48,2.507 -6.378,4.09 -4.118,-0.133 3.378,-3.24 -0.412,-1.758 z m -4.787,0.23 0.96,2.827 -1.83,0.747 -4.64,-1.092 4.26,-1.07 z m 4.173,-0.897 -2.618,0.618 4.528,-3.546 z m 12.85,-5.305 2.108,0.56 -0.618,3.17 -5.68,0.96 -1.414,-1.105 z m 7.404,-3.277 -0.125,2.886 -4.21,0.603 1.09,-2.634 z m 2.555,-1.965 2.233,0.167 -2.914,2.705 -2.63,-1.608 z m 3.2,-1.772 3.03,1.38 -2.24,0.527 z m 25.44,-3.68 1.076,1.473 -3.732,1.874 -1.388,-1.685 z m -0.703,-2.2719999 -2.06,2.5759999 -6.346,1.04 1.56,-2.164 3.985,0.372 z m 49.837,10.4159999 0.08,2.796 -3.74,-0.932 -2.32,2.558 -4.106,0.886 -2.547,2.512 -0.598,-1.9 3.21,-2.49 -1.427,-2.108 -4.865,-1.286 -3.395,-2.697 -5.336,1.697 -4.014,-0.166 -3.138,2.226 -2.546,8.17 -3.016,0.71 -2.278,2.504 -6.24,-2.54 -4.896,1.99 -5.147,-0.923 -5.126,-5.557 -2.34,-0.283 -1.88,2.515 -2.74,0.047 -1.89,1.27 -0.636,4.345 -2.107,1.278 -5.978,-1.562 -5.8,-0.304 -0.034,3.79 -1.815,1.898 -3.842,-1.363 -3.437,1.956 -2.176,3.544 -2.382,1.357 1.93,3.717 -6.622,5.64 0.372,2.174 -6.302,1.5 0.696,2.84 -0.87,5.27 -1.365,2.35 -4.47,5.025 3.164,1.433 0.308,2.37 -1.486,1.966 -4.722,-0.818 -3.696,1.352 -3.425,3.598 -1.192,3.106 1.542,2.887 -0.88,4.17 1.514,3.54 -1.043,5.113996 4.79,3.553 -1.302,3.322 -2.855,0.593 2.265,4.684 -0.56,3.988 -4.065,3.495 -1.514,2.12 0.898,3.107 -0.986,3.31 -1.52,-0.72 -0.448,-1.093 -3.665,-0.637 -1.54,-4.082 -0.827,3.24 -3.43,2.925 -1.79,0 -7.957,7.026 -6.174,2.41 -3.88,-0.134 -3.14,-0.902 1.126,-1.045 -4.666,-1.664 -3.505,-3.662 0.486,-2.85 3.236,1.338 -1.08,-1.826 2.54,-1.91 -1.16,-1.257 -4.04,1.24 -1.962,-2.335 3.105,-3.445 2.135,-1.03 1.187,-2.6 2.808,-2.485 -3.785,1.988 -0.94,2.423 -1.007,-1.37 -3.23,-0.51 0.555,-3.187 2.087,1.114 0.607,-0.542 -0.09,-2.824 -2.644,1.924 -2.5,-2.404 0.6,-2.475 2.413,-0.34 -2.383,-1.368 -0.488,-2.008 2.29,-0.635 -2.113,-2.6 3.057,-4.496996 3.33,-0.128 0.663,-1.073 4.56,-1.467 -2.705,-0.074 0.1,-1.5 7.384,0.105 -3.028,-1.28 -0.403,-2.05 2.417,-0.85 1.54,1.038 3.164,-0.664 0.755,-1.334 1.625,2.3 1.946,0.03 -3.04,-2.386 2.53,-0.172 -0.45,-1.623 2.323,-1.36 2.954,0.667 -0.687,-1.448 3.595,-1.38 1.75,2.178 5.606,0.104 -0.28,-2.087 4.414,-2.26 -2.284,0.144 -4.407,2.576 -3.33,0.65 -2.493,-2.61 4.36,-1.645 -1.747,-0.212 4.475,-4.95 1.676,0.748 0.68,-2.262 2.818,2.068 0.125,-3.11 2.983,-0.96 -3.993,-0.555 9.112,-2.695 -1.748,-1.424 1.977,-1.493 -1.955,-2.23 2.946,-3.28 -0.514,-0.778 3.444,-2.562 -0.83,-2.464 4.68,-2.68 -1.42,-1.293 4.24,-0.434 0.938,-1.79 3.807,0.07 1.562,-1.585 -5.6,0.693 5.81,-4.048 -2.412,0.02 0.09,-2.032 7.493,-1.644 -4.6,-0.283 5.46,-1.372 1.053,2.74 1.25,-3.263 -1.48,-1.266 4.044,0.274 4.792,-1.048 -6.73,-0.1 0.633,-2.042 7.13,-2.512 -0.1,-2.01 2.69,-0.777 1.47,-3.19 4.4,-0.746 0.938,-1.758 4.592,-0.686 -0.508,2.75 3.076,-4.134 1.67,0.52 -1.51,4.793 2.144,-3.58 4.408,-1.065 1.487,-1.54 3.5,1.912 -0.512,-2.175 -4.215,-1.54 2.522,-1.042 9.246,1.05 1.395,1.157 2.26,-2.744 7.384,-4.1599999 0.334,-1.99 3.88,1.873 4.55,-0.648 -4.547,3.2949999 -0.735,4.51 8.29,-7.9319999 2.12,-0.876 -1.24,5.9559999 6.883,-4.8519999 0.233,-2.524 6.543,1.178 -4.664,4.9929999 3.67,-0.657 2.658,-3.2639999 8.028,1.6079999 7.25,4.308 -3.534,0.357 -2.61,1.782 -9.408,-0.968 -0.14,0.823 6.38,1.166 -0.04,2.353 3.25,-1.448 z m -34.57,-13.6099999 3.366,1.588 -4.328,0.71 z" id="no" class="country border" />
 

Statistiche sulle risposte

Risposta% Corretto
Italia
97%
Francia
97%
Spagna
97%
Grecia
93%
Marocco
92%
Turchia
91%
Egitto
91%
Cipro
90%
Croazia
89%
Malta
89%
Monaco
89%
Tunisia
88%
Slovenia
88%
Libia
85%
Bosnia-Erzegovina
85%
Algeria
84%
Albania
84%
Siria
83%
Israele
82%
Montenegro
81%
Libano
79%
Palestina
70%

Distribuzione punteggi

Percentile per numero di risposta

Percentuale di utenti per punteggio

I tuoi punteggi nel tempo

Non hai fatto questo quiz